000 00981nam a22002771i 4500
003 SA-RiAUC
005 20251005121104.0
008 251005s1978 ti g 000 0 ara c
040 _aJO-IrYU
_bara
_cSA-RiAUC
_erda
043 _af-ti---
050 1 4 _b.Q8
082 0 4 _a306.09611
_qSA-RiAUC
090 _a306.09611
_bق ل ب
100 1 _aالقليبي، الشاذلي،
_d1925-
_eمؤلف.
245 1 2 _aالثقافة رهان حضاري /
_cالشاذلي القليبي.
264 1 _aتونس :
_bالدار التونسية،
_c1978
300 _a154 صفحة؛
_c23 سم.
336 _aنص
_btxt
_2rdacontent
_3كتاب
337 _aبدون وسيط
_bn
_2rdamedia
338 _aمجلد
_bnc
_2rdacarrier
650 7 _aالثقافة
_zتونس
_2aucsh
650 7 _aالثقافة
_vمقالات ومحاضرات
_2aucsh
650 7 _aالمجتمعات الإسلامية
_2aucsh
942 _2ddc
_cBOOK
_n0
949 _aSA-JeALM
_d251005
_umohamedma123
_n1
999 _c12383
_d12383